Statistiques concernant Top 4 de la ligue des champions

Cliquez ici pour prendre le quiz!

Statistiques générales

  • Ce quiz a été pris 327 fois
  • Le résultat moyen est 31 sur 76

Statistiques - réponses

Team% Correct
Bayern Munich
100%
Real Madrid
100%
Manchester City
98%
Paris Saint-Germain
98%
AC Milan
96%
Inter Milan
96%
Liverpool
95%
Chelsea
94%
Olympique de Marseille
94%
Manchester United
91%
Atlético Madrid
90%
FC Barcelone
90%
Borussia Dortmund
88%
Juventus
88%
Olympique Lyonnais
88%
AFC Ajax
84%
Tottenham Hotspur
81%
FC Porto
80%
Arsenal
78%
AS Monaco
73%
Aston Villa
72%
SL Benfica
72%
Nottingham Forest
64%
PSV Eindhoven
57%
AS Saint-Etienne
56%
Stade de Reims
55%
AS Roma
54%
Villarreal
52%
Celtic FC
51%
Valence
49%
Feyenoord
45%
Bayer Leverkusen
42%
RB Leipzig
41%
Girondins de Bordeaux
39%
Rangers FC
34%
Dinamo Bucarest
33%
FC Nantes
33%
Étoile Rouge Belgrade
32%
Schalke 04
30%
FC Dynamo Kiev
25%
Steaua Bucarest
25%
ACF Fiorentina
23%
Hamburger SV
23%
Club Brugge
21%
Galatasaray
20%
Leeds United
20%
RSC Anderlecht
20%
Real Sociedad
19%
Deportivo La Corogne
18%
Sparta Prague
16%
Malmö FF
15%
Borussia Mönchengladbach
14%
UC Sampdoria
12%
Panathinaikos
11%
FK Partizan
7%
Spartak Moscou
7%
FC Cologne
6%
Eintracht Francfort
5%
FC Zürich
5%
IFK Göteborg
5%
Rapid Vienne
5%
Standard Liège
5%
Austria Vienne
3%
CSKA Sofia
2%
Derby County
2%
Legia Varsovie
2%
Dundee United
1%
Widzew Lodz
1%
BSC Young Boys
0%
Dukla Prague
0%
Dundee FC
0%
Gyori FC
0%
Hibernian FC
0%
Spartak Trnava
0%
Ujpest FC
0%
Vasas SC
0%

Distribution des résultats

Percentile par nombre de réponses

% des personnes avec chaque résultat

Votre développement - résultats

Vous n’avez pas pris ce quiz